Introductory aerodynamics and hydrodynamics of wings and bodies : (Record no. 593848)

000 -LEADER
fixed length control field 01332cam a22002894a 4500
001 - CONTROL NUMBER
control field 2124028
005 - DATE AND TIME OF LATEST TRANSACTION
control field 20230320121518.0
008 - FIXED-LENGTH DATA ELEMENTS--GENERAL INFORMATION
fixed length control field 970403s1997 vaua b 001 0 eng
010 ## - LIBRARY OF CONGRESS CONTROL NUMBER
LC control number 97011859
020 ## - INTERNATIONAL STANDARD BOOK NUMBER
International Standard Book Number 1563472422 (alk. paper)
040 ## - CATALOGING SOURCE
Original cataloging agency DLC
Transcribing agency DLC
Modifying agency DLC
050 00 - LIBRARY OF CONGRESS CALL NUMBER
Classification number TL573
Item number .S5723 1997
082 00 - DEWEY DECIMAL CLASSIFICATION NUMBER
Classification number 629.1323
Edition number 21
Author Mark SME
100 1# - MAIN ENTRY--PERSONAL NAME
Personal name Smetana, Frederick O.,
Dates associated with a name 1928-
9 (RLIN) 110630
245 10 - TITLE STATEMENT
Title Introductory aerodynamics and hydrodynamics of wings and bodies :
Remainder of title a software-based approach /
Statement of responsibility, etc. Frederick O. Smetana.
260 ## - PUBLICATION, DISTRIBUTION, ETC.
Place of publication, distribution, etc. Reston, VA :
Name of publisher, distributor, etc. American Institute of Aeronautics and Astronautics,
Date of publication, distribution, etc. c1997.
300 ## - PHYSICAL DESCRIPTION
Extent xvii, 241 p. :
Other physical details ill. ;
Dimensions 24 cm. +
Accompanying material 2 floppy disks (3 1/2 in.)
440 #0 - SERIES STATEMENT/ADDED ENTRY--TITLE
Title AIAA education series
9 (RLIN) 1422
504 ## - BIBLIOGRAPHY, ETC. NOTE
Bibliography, etc. note Includes bibliographical references (p. 237-238) and index.
650 #0 - SUBJECT ADDED ENTRY--TOPICAL TERM
Topical term or geographic name entry element Aerodynamics
General subdivision Data processing.
9 (RLIN) 110631
650 #0 - SUBJECT ADDED ENTRY--TOPICAL TERM
Topical term or geographic name entry element Hydrodynamics
General subdivision Data processing.
9 (RLIN) 110632
650 #0 - SUBJECT ADDED ENTRY--TOPICAL TERM
Topical term or geographic name entry element Aerofoils
General subdivision Mathematical models
-- Data processing.
9 (RLIN) 110633
906 ## - LOCAL DATA ELEMENT F, LDF (RLIN)
a 7
b cbc
c orignew
d 1
e ocip
f 19
g y-gencatlg
942 ## - ADDED ENTRY ELEMENTS (KOHA)
Source of classification or shelving scheme
Koha item type Book
Holdings
Withdrawn status Lost status Source of classification or shelving scheme Damaged status Not for loan Permanent Location Current Location Shelving location Date acquired Full call number Barcode Date last seen Price effective from Koha item type
          School of Mechanical & Manufacturing Engineering (SMME) School of Mechanical & Manufacturing Engineering (SMME) Aerospace Engineering 03/20/2023 629.1323 SME SMME-4351 03/20/2023 03/20/2023 Book
© 2023 Central Library, National University of Sciences and Technology. All Rights Reserved.